000 01698cam a22004694i 4500
003 PE-LiUPU
005 20250731173523.0
008 150616s1996 miu rb 000 0 eng d
020 _a0802808867
035 _a(Sirsi) i9780802808868
040 _aPE-LiUPU
_bspa
_cPE-LiUPU
_erda
049 _aPRUA
082 0 4 _a284.3
_bE92
_221
100 1 _aEstep, William Roscoe,
_eautor.
245 1 4 _aThe Anabaptist Story /
_cWilliam R. Estep.
264 1 _aMichigan :
_bWm. B. Eerdmans Publishing Co.,
_c1996.
300 _a332 páginas ;
_c23 centímetros
336 _atext
_2rdacontent
337 _aunmediated
_2rdamedia
338 _avolume
_2rdacarrier
504 _aIncluye bibliografía.
505 0 _aThe birth of Anabaptist -- Meteors against the night -- A superlative witness -- Truth is inmortal -- From Zolliko to Augsburg -- Of Moravia and the community of godos -- Menno Simons and dutch Anabaptist.
526 _aSEG42
526 _aSEG41
526 _aSEG40
526 _aSEG39
526 _aP94
526 _aP87
526 _aP86
526 _aP85
526 _aP77
526 _aP76
526 _aP35
650 1 4 _aAnabaptistas
_xHistoria.
910 _ajck
_bjvq
_cjck
942 _2ddc
_cBOOK
949 _a284.3 E92
_wDEWEY
_c1
_i42127
_lCCODEBUL1
_mBUL
_r0
_sY
_tBOOK
_u2015-6-16
_xTEOLOGIA
_zUNKNOWN
_0COMPRA
_o.STAFF. Colección General
994 _aC0
_bPEPRU
596 _a1
999 _a284.3 E92
_wDEWEY
_c59820
_i42127
_d59820
_e2018-10-9
_f2021-11-11
_g7
_lCCODEBUL1
_mBUL
_n4
_p23.00
_r0
_sY
_tBOOK
_u2015-6-16
_xTEOLOGIA
_zUNKNOWN
_0COMPRA
_o.STAFF. Colección Teología
980 _81
_gALBERTO SANCHEZ Responsable de Automatización